000 00638nam a2200229Ia 4500
003 OSt
005 20220927104738.0
006 a|||||r|||| 00| 0
007 ta
008 220926b |||||||| |||| 00| 0 eng d
024 _a151839
037 _cReference Collections
040 _aRTL
_cRTL
_beng
041 _2eng
_aeng
082 _a"X9(J).1,dN45, M9/UN"
110 _aFood and Agriculture Organisation
245 0 _aReport of the conference of Rome
260 _aRome
_c1989
700 _aFood and Agriculture Organisation
942 _h"X9(J).1,dN45, M9/UN"
_cCC
999 _c688491
_d688491